[Event "Estadual de Mestres FEXERJ 2024"]
[Site "Rio de Janeiro"]
[Date "2024.06.01"]
[Round "4"]
[White "Fernandes, Felipe Gambini"]
[Black "Okamura, Milton Kasuo"]
[Result "0-1"]
[WhiteElo "1893"]
[BlackElo "1950"]
[PlyCount "104"]
[GameId "501081799661"]
[EventDate "2024.05.30"]
[EventRounds "6"]
[EventCountry "BRA"]

1. d4 d5 2. c4 c6 3. cxd5 cxd5 4. Nc3 Nf6 5. Bf4 Nc6 6. e3 Bf5 7. Nf3 e6 8. Be2 Bb4 9. O-O h6 10. Ne5 O-O 11. Nxc6 bxc6 12. Qa4 Qb6 13. Qb3 Bxc3 14. bxc3 Ne4 15. Qa3 a5 16. Rab1 Qa7 17. Rb2 g5 18. Bg3 Rfc8 19. c4 a4 20. Rd1 Qa5 21. c5 f6 22. f3 Nxg3 23. hxg3 Rcb8 24. Kf2 Rxb2 25. Qxb2 Qa7 26. Qc3 Rb8 27. Bd3 Bxd3 28. Rxd3 Qb7 29. Qc2 Qb4 30. Rd2 Kg7 31. g4 a3 32. Ke2 Qb5+ 33. Qd3 Qa4 34. e4 Rb2 35. exd5 exd5 36. Qe3 Qc4+ 37. Kf2 Kf7 38. Kg3 Qxa2 39. Qd3 Rxd2 40. Qh7+ Ke8 41. Qg6+ Kd7 42. Qf7+ Kc8 43. Qe6+ Kb7 44. Qd7+ Ka6 45. Qxc6+ Ka5 46. Qa8+ Kb4 47. Qb8+ Kc4 48. Kh3 Qa1 49. Qh2 Kxd4 50. c6 Rc2 51. c7 Qc1 52. Qd6 Qh1+ 0-1

[Event "Estadual de Mestres FEXERJ 2024"]
[Site "Rio de Janeiro"]
[Date "2024.06.01"]
[Round "4"]
[White "Chaves, Jorge Antonio Torre"]
[Black "Manzi, Luiz Antonio B."]
[Result "1/2-1/2"]
[WhiteElo "1918"]
[BlackElo "1975"]
[PlyCount "135"]
[GameId "501081799663"]
[EventDate "2024.05.30"]
[EventRounds "6"]
[EventCountry "BRA"]

1. d4 Nf6 2. Nc3 d5 3. Bf4 c6 4. e3 Bf5 ({RR} 4... Nbd7 5. g4 Qb6 6. Rb1 g6 7. Bg2 Bg7 8. h3 O-O 9. Nf3 Qa6 10. Qd3 b6 11. Ne5 Nxe5 12. Bxe5 Ne8 13. b4 e6 14. g5 Bxe5 15. dxe5 Nc7 16. h4 Qxd3 17. cxd3 a5 18. h5 Bd7 19. bxa5 {½-½ Firouzja,A (2760)-Nepomniachtchi,I (2758) Chessable Masters Div 1 L chess.com INT 2024 (3.2)}) 5. Nf3 h6 6. Be2 $146 ({RR} 6. Ne5 Nbd7 7. Bd3 Bxd3 8. Qxd3 e6 9. O-O Nxe5 10. Bxe5 Be7 11. e4 O-O 12. exd5 Nxd5 13. Nxd5 exd5 14. c3 Qd7 15. Rae1 Rfe8 16. Qg3 Bf8 17. Bf4 Rxe1 18. Rxe1 Re8 19. f3 Rxe1+ 20. Qxe1 Qe6 {0-1 Vlachos,A (2479)-Curtis,J (2292) Titled Tue 19th Mar Late chess.com INT 2024 (4)}) ({RR} 6. Bd3 Bxd3 7. cxd3 e6 8. O-O Bd6 9. Ne5 O-O 10. Qb3 Qc7 11. Rac1 a6 12. Na4 Nh5 13. Nb6 Ra7 14. Rfe1 Re8 15. g4 Nxf4 16. exf4 f6 17. Ng6 Bxf4 18. Nxd5 Bxh2+ 19. Kg2 Qd6 20. Nde7+ Kf7 {1-0 Bortnyk,O (2608)-Zhizmer,Y (2295) Titled Tue 27th Feb Late chess.com INT 2024 (5)}) ({RR} 6. Ne5 Nbd7 7. Bd3 Bxd3 8. Qxd3 e6 9. O-O Be7 10. e4 dxe4 11. Nxe4 Nxe5 12. Bxe5 O-O 13. c3 Nxe4 14. Qxe4 Qd5 15. Qxd5 cxd5 16. f3 Rfc8 17. Rfe1 b5 18. Rac1 a5 19. Bf4 Rc6 20. a3 Rac8 {½-½ Vlachos,A (2479)-Montano Vicente,G (1819) Titled Tue 19th Mar Late chess.com INT 2024 (8)}) 6... e6 7. a3 Be7 8. h3 Nbd7 9. Ne5 Nxe5 10. Bxe5 O-O 11. g4 Bg6 12. f3 Nd7 13. Bg3 Bh4 14. Kf2 e5 15. Kg2 Bxg3 16. Kxg3 exd4 17. exd4 Qc7+ 18. Kg2 Rae8 19. Qd2 Nf6 20. Rhe1 Re7 21. Bf1 Rfe8 22. Re2 Nh7 23. Rae1 Nf8 24. Rxe7 Rxe7 25. Rxe7 Qxe7 26. Ne2 Ne6 27. c3 Qd6 28. Qe3 f6 29. b4 Bc2 30. Qd2 Bb3 31. Ng3 Qf4 32. Qxf4 Nxf4+ 33. Kf2 Bc4 34. Bxc4 dxc4 35. Ke3 Nxh3 36. Ne4 Ng5 37. Nd6 b6 38. Nc8 Nf7 39. Ne7+ Kf8 40. Nxc6 a6 41. Nb8 Nd6 42. Nd7+ Ke7 43. Nxb6 g6 44. Nd5+ Kf7 45. Nc7 h5 46. gxh5 gxh5 47. Nxa6 Nb5 48. Nc5 Nxc3 49. Kf2 Nd5 50. b5 c3 51. a4 c2 52. Nb3 Ke6 53. a5 Kd6 54. b6 Kc6 55. Kg3 Nb4 56. Kh4 Kd5 57. b7 Na6 58. Kxh5 Kc4 59. Nc1 Kxd4 60. Kg6 Ke3 61. f4 Kxf4 62. Kxf6 Ke3 63. Ke7 Kd2 64. Na2 Kd3 65. Kd7 Kc4 66. Kc8 Kb5 67. b8=Q+ Nxb8 68. Kxb8 1/2-1/2

[Event "Estadual de Mestres FEXERJ 2024"]
[Site "Rio de Janeiro"]
[Date "2024.06.01"]
[Round "4"]
[White "Cardoso, Rafaela Martins"]
[Black "Mesquita, Arnaldo Leite"]
[Result "0-1"]
[WhiteElo "1764"]
[BlackElo "1821"]
[PlyCount "106"]
[GameId "501081799664"]
[EventDate "2024.05.30"]
[EventRounds "6"]
[EventCountry "BRA"]

1. e4 Nf6 2. Nc3 d5 3. exd5 Nxd5 4. Nxd5 Qxd5 5. Nf3 Bf5 6. d3 Nc6 7. Be2 h6 8. Be3 e6 9. Qd2 Be7 10. c3 O-O-O 11. d4 g5 12. h3 Kb8 13. Bd3 Rhe8 14. O-O Bxd3 15. Qxd3 f5 16. Rfd1 g4 17. hxg4 fxg4 18. Nh2 h5 19. c4 Qf5 20. Qxf5 exf5 21. d5 Ne5 22. b3 Ng6 23. Nf1 Bf6 24. Bd4 Bxd4 25. Rxd4 Re5 26. Rad1 h4 27. c5 Kc8 28. b4 Re2 29. Ne3 g3 30. Nxf5 Rf8 31. Nxh4 Nxh4 32. Rxh4 gxf2+ 33. Kf1 Rxa2 34. d6 cxd6 35. cxd6 Kd8 36. Rh7 b6 37. d7 Rc2 38. g4 Rc3 39. Ke2 Rg3 40. Rc1 f1=Q+ 41. Rxf1 Rxf1 42. Kxf1 Rxg4 43. Rh8+ Kxd7 44. Rh7+ Kc6 45. Rxa7 Rxb4 46. Ke2 Rd4 47. Ra2 b5 48. Rc2+ Kb6 49. Rc8 b4 50. Rb8+ Kc5 51. Rc8+ Kb5 52. Rc2 b3 53. Rb2 Kb4 0-1

[Event "Estadual de Mestres FEXERJ 2024"]
[Site "Rio de Janeiro"]
[Date "2024.06.01"]
[Round "4"]
[White "Silva, Guilherme de Moura"]
[Black "Guttler, Bruno Cravo"]
[Result "0-1"]
[WhiteElo "1816"]
[BlackElo "1782"]
[PlyCount "54"]
[GameId "501081799666"]
[EventDate "2024.05.30"]
[EventRounds "6"]
[EventCountry "BRA"]

1. e4 c6 2. d4 d5 3. e5 Bf5 4. h4 h5 5. Bg5 Qa5+ 6. Nc3 e6 7. Bd3 Bxd3 8. Qxd3 a6 $146 ({RR} 8... c5 9. Qb5+ Qxb5 10. Nxb5 Kd7 11. dxc5 Bxc5 12. Nf3 Nc6 13. c3 Nh6 14. Nbd4 Rac8 15. Bf4 Nxd4 16. cxd4 Bb4+ 17. Kd1 Ng4 18. Be3 f6 19. exf6 gxf6 20. Rc1 e5 21. Ke2 e4 22. Nd2 Nxe3 23. Kxe3 {0-1 Keleberda,T (2225)-Eljanov,P (2676) Titled Tue 7th May Late chess.com INT 2024 (3)}) ({RR} 8... Qa6 9. Qe3 Ne7 10. Bxe7 Bxe7 11. Nge2 Nd7 12. Qg3 g6 13. O-O-O O-O-O 14. f4 Kb8 15. Qf2 Rc8 16. g3 b5 17. a3 b4 18. axb4 Bxb4 19. Nb1 c5 20. c3 cxd4 21. Nxd4 Nc5 22. Qf1 Qxf1 23. Rhxf1 {1-0 Antunes,L (2045)-Brzezina,P (2298) Titled Tue 7th May Late chess.com INT 2024 (9)}) ({RR} 8... Bb4 9. Nge2 Ne7 10. O-O Nf5 11. Nd1 Nd7 12. Ng3 g6 13. c3 Be7 14. Bxe7 Kxe7 15. Qd2 Rag8 16. Qg5+ Ke8 17. Ne3 Qd8 18. Nexf5 gxf5 19. Qxd8+ Kxd8 20. Ne2 Rg4 21. g3 Rhg8 22. Kh2 f6 23. Nf4 {1-0 Hnydiuk,A (2350)-Biernacki,M (1981) Titled Tue 19th Dec Late chess.com INT 2023 (4)}) 9. Nf3 c5 10. dxc5 Bxc5 11. O-O Nc6 12. a3 Qc7 13. b4 Be7 14. Bf4 Rc8 15. Ne2 b5 16. c3 Nh6 17. Rfe1 Nf5 18. g3 O-O 19. Rac1 Qb7 20. Ned4 Ncxd4 21. cxd4 Rc4 22. Be3 Rfc8 23. Rxc4 dxc4 24. Qe2 Qd5 25. Rd1 a5 26. Bg5 Bf8 27. Bd2 c3 0-1

[Event "Estadual de Mestres FEXERJ 2024"]
[Site "Rio de Janeiro"]
[Date "2024.06.02"]
[Round "5"]
[White "Salles, Marvio Darilho"]
[Black "Rangel, Daniel"]
[Result "0-1"]
[WhiteElo "2072"]
[BlackElo "2160"]
[PlyCount "58"]
[GameId "501081799669"]
[EventDate "2024.05.30"]
[EventRounds "6"]
[EventCountry "BRA"]

1. Nf3 Nf6 2. g3 g6 3. b3 Bg7 4. Bb2 O-O 5. Bg2 d6 6. O-O e5 7. d3 Nc6 8. c4 h6 9. Nc3 Be6 10. Re1 $146 ({RR} 10. e4 Qd7 11. Nd5 Nh7 12. Nh4 g5 13. Nf5 Bxf5 14. exf5 Qxf5 15. Nxc7 Rad8 16. Nd5 Qg6 17. b4 Rd7 18. b5 Nd8 19. b6 a6 20. Qa4 Qe6 21. d4 Kh8 22. Nc7 Qf5 23. d5 Nf6 24. Rae1 Ne8 {1-0 Rahman,Z (2436)-Sidabutar,U (2008) 15th Penang Open 2023 Penang MAS (6.4)}) ({RR} 10. d4 Bg4 11. dxe5 dxe5 12. h3 Be6 13. Nb5 Nd7 14. Nd2 a6 15. Nc3 Qc8 16. Kh2 Ne7 17. e3 f5 18. Qe2 g5 19. Rad1 Nf6 20. Na4 Nd7 21. b4 Rb8 22. Nc3 Qe8 23. Nb3 e4 24. Nd4 Bf7 {0-1 Gomes,A (1416)-Silva,G (1790) 10th Floripa Open 2024 Florianopolis BRA (10.94)}) ({RR} 10. a3 a5 11. Nd2 Qd7 12. Nd5 Ne7 13. Nxf6+ Bxf6 14. Bxb7 Rab8 15. Bg2 Bg7 16. Bc3 Nc6 17. Rb1 d5 18. cxd5 Bxd5 19. Bxd5 Qxd5 20. Qc2 Rb7 21. Ba1 Nd4 22. Bxd4 exd4 23. Qc4 Qd6 24. Ra1 Re8 {1-0 Fiorito,F (2368)-Ambartsumova,K (2418) Titled Tue 5th Mar Late chess.com INT 2024 (11)}) 10... d5 11. cxd5 Nxd5 12. Ne4 b6 13. Rc1 Nd4 14. Nfd2 f5 $6 15. Nc3 c5 16. Nxd5 Bxd5 17. Bxd4 exd4 18. Bxd5+ Qxd5 19. Qc2 Kh7 20. Qc4 Qd6 21. a4 h5 22. Rc2 Bh6 23. Nf3 a5 24. Qb5 $2 f4 25. Nd2 fxg3 26. hxg3 Bxd2 27. Rxd2 Rae8 28. Kg2 h4 29. Rh1 Rxf2+ 0-1

[Event "Estadual de Mestres FEXERJ 2024"]
[Site "Rio de Janeiro"]
[Date "2024.06.02"]
[Round "5"]
[White "De Albuquerque, Ian Telek Cavalcant"]
[Black "Yunes, David Teles"]
[Result "1-0"]
[WhiteElo "2133"]
[BlackElo "1975"]
[PlyCount "164"]
[GameId "501081799670"]
[EventDate "2024.05.30"]
[EventRounds "6"]
[EventCountry "BRA"]

1. e4 c5 2. Nf3 Nc6 3. Bb5 g6 4. O-O Bg7 5. Re1 Nf6 6. c3 O-O 7. d4 cxd4 8. cxd4 d5 9. e5 Ne4 10. Be3 f6 $146 ({RR} 10... Qb6 11. Qe2 a6 12. Ba4 Na5 13. a3 Nc4 14. Bc1 f6 15. Bc2 Nxb2 16. Ra2 Na4 17. Bxa4 Qxb1 18. Rb2 Qa1 19. Bb3 Be6 20. Rc2 Nc3 21. Qe3 fxe5 22. Bb2 Nd1 23. Qe2 Qxb2 24. Rxb2 Nxb2 25. Qxb2 {1-0 Sargsyan,A (2364)-Dhyana,P (2064) SPICE Cup Open 2023 Chesterfield MO USA (1.18)}) ({RR} 10... Qb6 11. Bxc6 Qxc6 12. Nfd2 Nxd2 13. Qxd2 Be6 14. Nc3 Rac8 15. Rac1 Qd7 16. Bh6 Bxh6 17. Qxh6 Rc4 18. Qd2 Rfc8 19. b3 R4c6 20. Ne2 Qd8 21. Rxc6 Rxc6 22. Rc1 Rxc1+ 23. Nxc1 Bf5 24. f3 Qb6 25. g4 {½-½ Schulze,T (2325)-Zilka,S (2599) Bundesliga 2023-24 Dresden GER (12.2)}) ({RR} 10... Qb6 11. Bxc6 bxc6 12. Qc1 Rb8 13. b3 f6 14. Nc3 Nxc3 15. Qxc3 Bg4 16. exf6 exf6 17. Nd2 Bd7 18. Nf3 Bg4 19. Nd2 Rfe8 20. h3 Bd7 21. Bf4 Rbc8 22. Nf3 Bf5 23. Rxe8+ Rxe8 24. Re1 Rxe1+ 25. Qxe1 {1-0 Grigoriants,S (2536)-Maltsevskaya,A (2393) Titled Tue 16th Apr Late chess.com INT 2024 (5)}) 11. Bxc6 bxc6 12. Nbd2 Bg4 13. exf6 Rxf6 14. Qc1 Nxd2 15. Nxd2 Qd6 16. Nb3 Raf8 17. Bg5 R6f7 18. Qe3 Bf6 19. Bxf6 Qxf6 20. f3 Bf5 21. Qe5 Qxe5 22. Rxe5 Rb8 23. Rc1 Rb6 24. Na5 Rxb2 25. Nxc6 e6 26. Nd8 Rd7 27. Nxe6 Bxe6 28. Rxe6 Rxa2 29. Rec6 a5 30. Rc8+ Kf7 31. R8c7 Ke6 32. R1c6+ Ke7 33. Rc5 a4 34. Rxd7+ Kxd7 35. Rxd5+ Ke6 36. Ra5 a3 37. h4 Kf6 38. Kh2 Ra1 39. Kg3 Ra2 40. Kh3 Ra1 41. Kg4 Rd1 42. Ra6+ Kg7 43. Rxa3 Rxd4+ 44. Kg3 h6 45. Ra6 Rb4 46. Ra5 h5 47. Ra6 Rc4 48. Rb6 Ra4 49. Rc6 Rb4 50. Ra6 Rc4 51. Re6 Ra4 52. Kh3 Ra3 53. Kg3 Ra4 54. Re4 Ra2 55. Rb4 Rc2 56. Rf4 Ra2 57. Rd4 Rb2 58. Rd6 Rb4 59. Kh3 Rb3 60. Re6 Ra3 61. Kg3 Rb3 62. Kf4 Rb4+ 63. Re4 Rb5 64. Ra4 Rf5+ 65. Ke4 Rb5 66. g4 hxg4 67. fxg4 Rb1 68. Kf4 Rb7 69. Ra5 Kh6 70. Re5 Rb4+ 71. Re4 Rb7 72. Rd4 Ra7 73. Ke5 Kg7 74. Rd6 Ra4 75. Rd7+ Kg8 76. Rd4 Ra6 77. Rd6 Ra5+ 78. Kf6 Ra4 79. Kg5 Kf7 80. Rf6+ Kg8 81. Rd6 Kh7 82. Rd7+ Kg8 1-0

[Event "Estadual de Mestres FEXERJ 2024"]
[Site "Rio de Janeiro"]
[Date "2024.06.02"]
[Round "5"]
[White "Okamura, Milton Kasuo"]
[Black "Pereira, Arthur Macedo"]
[Result "1/2-1/2"]
[WhiteElo "1950"]
[BlackElo "1902"]
[PlyCount "111"]
[GameId "501081799671"]
[EventDate "2024.05.30"]
[EventRounds "6"]
[EventCountry "BRA"]

1. d4 Nf6 2. c4 e6 3. Nc3 Bb4 4. e3 O-O 5. Bd3 d5 6. Nge2 dxc4 7. Bxc4 Re8 $146 ({RR} 7... Be7 8. O-O c5 9. b3 a6 10. Bb2 b5 11. Bd3 Bb7 12. Rc1 Nbd7 13. f3 Qb6 14. Kh1 Rfd8 15. Qe1 Rac8 16. Qf2 h6 17. Bb1 Nf8 18. Rfd1 Rd7 19. Ne4 Nxe4 20. Bxe4 Bxe4 21. fxe4 Rcd8 22. h3 {0-1 Kostov,D (2233)-Bluebaum,M (2670) Titled Tue 26th Dec Early chess.com INT 2023 (5)}) ({RR} 7... Be7 8. O-O c5 9. d5 exd5 10. Nxd5 Nxd5 11. Bxd5 Nd7 12. Nc3 Nf6 13. Bf3 Qc7 14. e4 Be6 15. g3 Rad8 16. Qe2 Qd7 17. Rd1 Qc8 18. Bf4 Rxd1+ 19. Rxd1 Rd8 20. h4 Rxd1+ 21. Qxd1 Qd7 22. Qxd7 {½-½ Makhnev,D (2486)-Tomashevsky,E (2681) World Rapid 2023 Samarkand UZB (5.17)}) ({RR} 7... b6 8. O-O Bb7 9. f3 c5 10. a3 Bxc3 11. bxc3 Qc7 12. Bd3 e5 13. Bb2 c4 14. Bc2 Nbd7 15. e4 Rfd8 16. Qe1 Nf8 17. Rd1 Ng6 18. Bc1 h6 19. f4 exd4 20. Nxd4 Nxe4 21. f5 Nf8 22. Bxe4 {1-0 Md. Shawket Bin,O (2031)-Majumder,A (1962) Bangabandhu Premier 2024 Dhaka BAN (4.1)}) ({RR} 7... c5 8. dxc5 Qxd1+ 9. Kxd1 Bxc5 10. a3 b6 11. b4 Be7 12. Bb2 Bb7 13. f3 Rd8+ 14. Kc2 Nbd7 15. Rad1 Rac8 16. Bb3 Ne5 17. Rxd8+ Bxd8 18. Rd1 Be7 19. Kb1 Nc4 20. Bc1 a5 21. Rd4 axb4 22. Rxc4 {1-0 Veiga,J (2364)-Kappeler,K (2127) Titled Tue 13th Feb Late chess.com INT 2024 (2)}) 8. a3 Bf8 9. e4 e5 10. d5 h6 11. Ng3 Nbd7 12. O-O g6 13. Ba2 Nb6 14. Kh1 Bg7 15. f3 Bd7 16. Be3 Nc8 17. Qd2 Kh7 18. Rac1 Nd6 19. Rfd1 b6 20. a4 a5 21. Qe2 Re7 22. Nf1 Qe8 23. Bb3 Nh5 24. g3 f5 25. Bf2 Nf6 26. Qc2 fxe4 27. Nxe4 Nfxe4 28. fxe4 Bg4 29. Re1 Qf8 30. Kg1 Nf7 31. Be3 Nd6 32. Nd2 Bh3 33. Qd3 Rf7 34. Bd1 Qe7 35. Be2 Qd7 36. Rc6 Bg4 37. Rec1 Bxe2 38. Qxe2 Raf8 39. Qd3 Ne8 40. Kg2 Rf6 41. b3 R8f7 42. h3 Rf8 43. Qc3 R6f7 44. b4 axb4 45. Qxb4 Rf6 46. a5 bxa5 47. Qxa5 R6f7 48. Bc5 Rg8 49. Nc4 h5 50. Be3 Rgf8 51. Nd2 Bh6 52. Bc5 Bxd2 53. Qxd2 Nd6 54. Qe2 Qd8 55. h4 Qf6 56. Bg1 1/2-1/2

[Event "Estadual de Mestres FEXERJ 2024"]
[Site "Rio de Janeiro"]
[Date "2024.06.02"]
[Round "5"]
[White "Fernandes, Silas Carvalho"]
[Black "Dias, Matheus Braga"]
[Result "1/2-1/2"]
[WhiteElo "2043"]
[BlackElo "1960"]
[PlyCount "31"]
[GameId "501081799672"]
[EventDate "2024.05.30"]
[EventRounds "6"]
[EventCountry "BRA"]

1. e4 c5 2. Nf3 d6 3. Nc3 Nf6 4. Bc4 e6 5. d4 cxd4 6. Nxd4 a6 7. a4 Be7 8. O-O Qc7 $146 ({RR} 8... b6 9. Qe2 O-O 10. Bg5 Bb7 11. Bd2 Nbd7 12. Rfe1 Qc7 13. Rad1 Ne5 14. Ba2 Rac8 15. f4 Nc4 16. Bc1 d5 17. exd5 Nxd5 18. Nxd5 Bxd5 19. Kh1 Rfd8 20. b3 Na3 21. c4 Bb7 22. f5 e5 23. Qxe5 {½-½ George Micheal,K (2253)-Abdukhakimov,A (2329) Titled Tue 26th Mar Early chess.com INT 2024 (9)}) ({RR} 8... Nbd7 9. Bxe6 fxe6 10. Nxe6 Qa5 11. Nxg7+ Kf7 12. Nf5 Ne5 13. Nxe7 Kxe7 14. Kh1 Ng6 15. f4 Qh5 16. Qd4 Bd7 17. Rd1 Qc5 18. Qxc5 dxc5 19. f5 Ne5 20. Bf4 Nf7 21. h3 Bc6 22. Kh2 Rhe8 23. e5 {½-½ Wang,Z-Lin,R (1504) Chinese Youth U12 2024 Shanghai CHN (11.12)}) 9. Qe2 O-O 10. Be3 Nbd7 11. f3 Re8 12. Ba2 b6 13. Kh1 Bb7 14. Qf2 Rac8 15. Rfd1 Nc5 16. Nde2 1/2-1/2

[Event "Estadual de Mestres FEXERJ 2024"]
[Site "Rio de Janeiro"]
[Date "2024.06.02"]
[Round "5"]
[White "Fucs, Paulo Moses"]
[Black "Barros, Angelo Costa"]
[Result "1/2-1/2"]
[WhiteElo "1971"]
[BlackElo "1825"]
[PlyCount "72"]
[GameId "501081799673"]
[EventDate "2024.05.30"]
[EventRounds "6"]
[EventCountry "BRA"]

1. c4 e6 2. Nf3 d5 3. g3 Nf6 4. Bg2 Be7 5. d4 O-O 6. b3 c5 7. O-O Nc6 8. Bb2 Re8 $146 ({RR} 8... cxd4 9. Nxd4 Nxd4 10. Qxd4 dxc4 11. Qxc4 a5 12. Nc3 Ra6 13. Rfd1 Rd6 14. Ba3 Rxd1+ 15. Rxd1 Qe8 16. Bxe7 Qxe7 17. Qd4 e5 18. Qd6 b6 19. Qxe7 {1-0 Seletsky,G (2181)-Gubajdullin,A (2244) Titled Tue 5th Mar Late chess.com INT 2024 (3)}) ({RR} 8... Bd7 9. cxd5 exd5 10. Nc3 Be6 11. dxc5 Bxc5 12. Rc1 Qe7 13. Nb5 Ne4 14. Nbd4 Rac8 15. Nxc6 bxc6 16. Nd4 Rfd8 17. Qd3 Bxd4 18. Qxd4 Nf6 19. e3 Bf5 20. Rfe1 a5 21. Qa4 Qb4 22. Bc3 Qxa4 23. bxa4 {½-½ Bira,A (1590)-Sunea,S (1573) ch-ROU Women 2024 Eforie Nord ROU (4.8)}) 9. e3 b6 10. Nbd2 Rb8 11. a3 cxd4 12. Nxd4 Nxd4 13. Bxd4 Ba6 14. Re1 Rc8 15. Bf1 h6 16. Ra2 Bf8 17. Qa1 dxc4 18. Bxf6 Qxf6 19. Qxf6 gxf6 20. Nxc4 Red8 21. Nxb6 axb6 22. Bxa6 Ra8 23. Bb7 Rxa3 24. Rxa3 Bxa3 25. Ra1 Bc5 26. Ra8 Rxa8 27. Bxa8 Kf8 28. Bf3 Ke7 29. Kf1 f5 30. Ke2 Kf6 31. Kd3 b5 32. Bc6 b4 33. f4 Ke7 34. h3 Kd6 35. Bf3 Ke7 36. Bh5 Kf6 1/2-1/2

[Event "Estadual de Mestres FEXERJ 2024"]
[Site "Rio de Janeiro"]
[Date "2024.06.02"]
[Round "5"]
[White "Laba, Otavio De Souza"]
[Black "Dos Santos, Thiago L Verbicario"]
[Result "1-0"]
[WhiteElo "1879"]
[BlackElo "1909"]
[PlyCount "87"]
[GameId "501081799674"]
[EventDate "2024.05.30"]
[EventRounds "6"]
[EventCountry "BRA"]

1. e4 c5 2. Nf3 d6 3. d4 cxd4 4. Nxd4 Nf6 5. Nc3 a6 6. Bg5 e6 7. f4 h6 8. Bh4 Qb6 9. Qd2 Qxb2 10. Rb1 Qa3 11. f5 Be7 12. fxe6 fxe6 13. Bc4 Nxe4 14. Nxe4 Bxh4+ 15. g3 Bg5 16. Nxg5 hxg5 17. Bxe6 $146 ({RR} 17. O-O Qc5 18. Bxe6 Bxe6 19. Rbe1 Rh6 20. Rf5 Qc4 21. Qe3 Kd7 22. Rxg5 Nc6 23. Rxg7+ Bf7 24. Nxc6 Kxc6 25. Qxh6 Qd4+ 26. Kg2 Qd5+ 27. Kg1 Qd4+ 28. Kg2 Qd5+ 29. Kg1 {½-½ Savanovic,A (2361)-Yang,Q (2234) 1000GM NY Spring IMC New York USA 2024 (3.2)}) ({RR} 17. Nxe6 Bxe6 18. Bxe6 Qxg3+ 19. hxg3 Rxh1+ 20. Ke2 Rh2+ 21. Ke3 Rxd2 22. Kxd2 Ra7 23. Bd5 b5 24. a4 Ke7 25. c4 b4 26. Rxb4 Nd7 27. a5 Nc5 28. Rb6 Rc7 29. Ke3 Rc8 30. Kf3 Rf8+ 31. Kg4 Rf1 {0-1 Zeng,C (2577)-Vachier Lagrave,M (2731) World Blitz 2023 Samarkand UZB (2.21)}) ({RR} 17. Nxe6 Bxe6 18. Bxe6 Qxg3+ 19. hxg3 Rxh1+ 20. Kf2 Rh2+ 21. Ke3 Rxd2 22. Kxd2 Ra7 23. Rb6 Ke7 24. Bd5 Nd7 25. Rxb7 Rxb7 26. Bxb7 Nc5 27. Bd5 Kf6 28. Ke3 Ke5 29. c4 a5 30. Bc6 Ne6 {½-½ Soares,R (1540)-Pereira,A (1764) 10th Floripa Open 2024 Florianopolis BRA (8.118)}) 17... Qxg3+ 18. hxg3 Rxh1+ 19. Ke2 Rh2+ 20. Kd3 Rxd2+ 21. Kxd2 Nc6 22. Bxc8 Rxc8 23. Nf5 Kd7 24. Rxb7+ Rc7 25. Rxc7+ Kxc7 26. Nxg7 Kd7 27. c3 Ke7 28. Kd3 d5 29. Nf5+ Ke6 30. Nd4+ Nxd4 31. Kxd4 g4 32. a4 a5 33. Ke3 Ke5 34. Kd3 Kf5 35. Kd4 Ke6 36. Kc5 Ke5 37. Kb5 Ke4 38. Kxa5 Kf3 39. Kb5 Kxg3 40. a5 Kf3 41. a6 g3 42. a7 g2 43. a8=Q g1=Q 44. Qxd5+ 1-0

[Event "Estadual de Mestres FEXERJ 2024"]
[Site "Rio de Janeiro"]
[Date "2024.06.02"]
[Round "5"]
[White "Leal, Kaue Dos Santos"]
[Black "Chaves, Jorge Antonio Torre"]
[Result "0-1"]
[WhiteElo "1781"]
[BlackElo "1918"]
[PlyCount "68"]
[GameId "501081799675"]
[EventDate "2024.05.30"]
[EventRounds "6"]
[EventCountry "BRA"]

1. e4 c5 2. Nf3 d6 3. d4 cxd4 4. Nxd4 Nf6 5. Nc3 g6 6. Bc4 Bg7 7. f3 a6 8. Bb3 O-O 9. Be3 Nc6 10. Qd2 Bd7 11. O-O-O Rc8 12. Kb1 Ne5 13. Bh6 Nc4 14. Qc1 $146 ({RR} 14. Bxc4 Rxc4 15. Bxg7 Kxg7 16. g4 h5 17. gxh5 Nxh5 18. Rhg1 Qa5 19. Rg5 Rc5 20. Nb3 Rxg5 21. Nxa5 Rxa5 22. Nd5 Rxd5 23. Qxd5 Bc6 24. Qg5 f6 25. Qg4 f5 26. exf5 Rxf5 27. Rg1 Rf6 28. Qxh5 Bxf3 {1-0 Melih,M (1930)-Oruzinsky,J (2160) Slovakia Open 2024 Modra SVK (5.5)}) 14... Qa5 15. Bxc4 Rxc4 16. Bxg7 Kxg7 17. Nb3 Qc7 18. h4 h5 19. g4 Be6 20. gxh5 Nxh5 21. Nd5 Bxd5 22. Rxd5 e5 23. Qd2 Rc8 24. Rxd6 Rxc2 25. Qd5 Qe7 26. Rd7 Qf6 27. Rd1 R2c7 28. Qd6 Rxd7 29. Qxd7 Qxf3 30. Qd5 Nf6 31. Qd3 Qxe4 32. Qxe4 Nxe4 33. Rd7 b5 34. Nc1 Nc5 0-1

[Event "Estadual de Mestres FEXERJ 2024"]
[Site "Rio de Janeiro"]
[Date "2024.06.02"]
[Round "5"]
[White "Guttler, Bruno Cravo"]
[Black "Fernandes, Felipe Gambini"]
[Result "0-1"]
[WhiteElo "1782"]
[BlackElo "1893"]
[PlyCount "104"]
[GameId "501081799676"]
[EventDate "2024.05.30"]
[EventRounds "6"]
[EventCountry "BRA"]

1. d4 Nf6 2. c4 e6 3. Nf3 Bb4+ 4. Bd2 Qe7 5. Qc2 d5 6. a3 Bxd2+ 7. Nbxd2 O-O 8. e3 b6 9. Bd3 $146 ({RR} 9. Rc1 c6 10. c5 Bb7 11. Ne5 Nfd7 12. Bd3 Nxe5 13. dxe5 bxc5 14. Nf3 g6 15. b3 Nd7 16. h4 f5 17. exf6 Qxf6 18. h5 Kg7 19. Rh3 e5 20. hxg6 h6 21. e4 Bc8 22. Nh4 Nb6 23. Rh2 c4 {0-1 Beyranvand,S (1980)-Ahmadi,E (2040) 20th Iranian Super League Tehran IRI 2024 (8.15)}) 9... Bb7 10. Ne5 dxc4 11. Bxc4 Bxg2 12. Rg1 Bb7 13. Qb3 Bd5 14. Rc1 c5 15. Bxd5 exd5 16. Ndf3 Nbd7 17. Nxd7 Qxd7 18. dxc5 Rfc8 19. c6 Rxc6 20. Rxc6 Qxc6 21. Ke2 Rc8 22. Nd4 Qc4+ 23. Qxc4 Rxc4 24. f3 Kf8 25. Kd3 Rc8 26. Nb5 a6 27. Nc3 g6 28. Rg5 Ke7 29. Rg2 Ke6 30. b3 h6 31. Rc2 Rc6 32. Ne2 Rxc2 33. Nd4+ Kd6 34. Nxc2 g5 35. h3 h5 36. Kd4 a5 37. b4 Nd7 38. e4 Ne5 39. Ne1 dxe4 40. Kxe4 axb4 41. axb4 Ke6 42. Nc2 f5+ 43. Ke3 Kd5 44. f4 Nc4+ 45. Kf3 g4+ 46. hxg4 hxg4+ 47. Kg3 Ke4 48. Ne1 Ne3 49. b5 Nd5 50. Ng2 Nc3 51. Kh4 Nxb5 52. Kg5 Nd4 0-1

[Event "Estadual de Mestres FEXERJ 2024"]
[Site "Rio de Janeiro"]
[Date "2024.06.02"]
[Round "5"]
[White "Mesquita, Arnaldo Leite"]
[Black "E Silva, Samuel Batista"]
[Result "1-0"]
[WhiteElo "1821"]
[BlackElo "1800"]
[PlyCount "63"]
[GameId "501081799677"]
[EventDate "2024.05.30"]
[EventRounds "6"]
[EventCountry "BRA"]

1. Nf3 d5 2. c4 Nf6 3. cxd5 Bf5 $146 ({RR} 3... Qxd5 4. Nc3 Qd8 5. e4 g6 6. Bc4 Bg7 7. e5 Ng4 8. d4 O-O 9. h3 Nh6 10. g4 Kh8 11. Bg5 b5 12. Bxb5 Bb7 13. Be2 f6 14. exf6 exf6 15. Be3 Nc6 16. Qd2 Nf7 17. O-O-O Nd6 18. h4 {1-0 Adla,D (2387)-Fieberg,S (2157) Titled Tue 9th Apr Late chess.com INT 2024 (3)}) ({RR} 3... Qxd5 4. Nc3 Qd8 5. g3 c5 6. Bg2 Nc6 7. O-O Bg4 8. Qa4 Qd7 9. d3 e6 10. Bf4 Be7 11. h3 Bh5 12. g4 Bg6 13. Rfc1 O-O 14. Nh4 Nd5 15. Nxg6 fxg6 16. Nxd5 exd5 17. Bg3 Rad8 18. e3 {1-0 Avramidou,A (2287)-Gonzalez Zharikov,A (1993) Titled Tue 5th Mar Late chess.com INT 2024 (4)}) 4. d3 Nbd7 5. e4 Bg6 6. Nc3 e5 7. a3 Bd6 8. Bg5 h6 9. Bh4 O-O 10. Be2 c6 11. O-O Qc7 12. Rc1 Qb8 13. dxc6 bxc6 14. Na4 c5 15. Nd2 Ne8 16. Nc4 f5 17. Bf3 f4 18. g4 Bf7 19. g5 Be7 20. g6 Bxh4 21. gxf7+ Rxf7 22. Bh5 Rf8 23. Qg4 Qd8 24. Bxe8 Rxe8 25. Nd6 Rf8 26. Nf5 Bg5 27. h4 Bf6 28. Nxh6+ Kh7 29. Nf5 g6 30. Nd6 Bxh4 31. Nb7 Qe7 32. Naxc5 1-0